[Event "Midwest Masters op"]
[Site "Chicago"]
[Date "1986.??.??"]
[Round "3"]
[White "Giles, Morris"]
[Black "Kudrin, Sergey"]
[Result "1/2-1/2"]
[WhiteElo "2265"]
[BlackElo "2460"]

1.e4 c5 2.Nf3 e6 3.d4 cxd4 4.Nxd4 Nc6 5.Nc3 a6 6.Be2 d6 7.O-O Nf6 8.Be3 Be7
9.f4 O-O 10.Qe1 Nd7 11.Rd1 Qc7 12.Kh1 Re8 13.Qg3 Bf8 14.f5 Nce5 15.Bh5 g6
16.Be2 Bg7 17.Qh3 Nb6 18.Bh6 Bh8 19.Qh4 Nbc4 20.Bxc4 Nxc4 21.Bc1 Ne5 22.f6 b5
23.a3 Rb8 24.Nce2 Bb7 25.Ng3 Rbd8 26.c3 Qc4 27.h3 a5 28.Qh6 b4 29.cxb4 axb4
30.axb4 Qxb4 31.b3 Rc8 32.Bg5 Rc5 33.Bf4 Rcc8 34.Nh5 Bxe4 35.Ng7 Qb7 36.Rf2 Rf8
37.Bxe5 dxe5 38.Nf3 Bxf3 39.Rxf3 Rcd8 40.Rxd8 Rxd8 41.Nxe6 Bxf6  1/2-1/2

[Event "Copenhagen op"]
[Site "Copenhagen"]
[Date "1986.??.??"]
[Round "7"]
[White "Poulsen, Allan"]
[Black "Kruszynski, Wlodzimierz"]
[Result "1/2-1/2"]
[WhiteElo "2315"]
[BlackElo "2360"]

1.e4 c5 2.Nf3 e6 3.d4 cxd4 4.Nxd4 Nc6 5.Nc3 a6 6.Nxc6 bxc6 7.Bd3 d6 8.O-O Nf6
9.f4 Qc7 10.e5 dxe5 11.fxe5 Qxe5 12.Qf3 Bd7 13.Ne4 Nxe4 14.Qxf7+ Kd8 15.Bf4 Qf5
16.Bc7+ Kxc7 17.Rxf5 exf5 18.Bxe4 Bc5+ 19.Kh1 fxe4 20.Rd1 Bd6 21.c4 Rad8
22.Qxg7 Rhe8 23.Rxd6 Kxd6 24.Qd4+ Ke7 25.Qg7+ Ke6 26.Qh6+ Ke5 27.Qg7+ Kf4
28.Qh6+ Kf5 29.Qxh7+ Kf4 30.Qh6+ Ke5 31.Qg7+ Ke6 32.Qg6+ Ke7 33.Qg7+ Kd6
34.Qd4+ Ke6 35.Qxe4+ Kf6 36.Qf4+ Kg6 37.Qg3+ Kh5 38.Qf3+ Kg5 39.Qg3+ Kh5
40.Qf3+ Bg4 41.Qf7+ Kg5 42.Qg7+ Kf5 43.Qf7+ Ke4 44.Qg6+ Bf5 45.Qxc6+ Kd3
46.Qf3+ Kd2 47.h4 Re1+ 48.Kh2 Be4 49.Qc3+ Kd1 50.Qb3+ Ke2 51.c5 Rd2 52.c6 Kf1
53.Qf7+ Rf2 54.Qc4+ Ree2 55.Qc1+ Re1 56.Qc4+ Ree2 57.Qc1+ Re1 58.Qc4+  1/2-1/2

[Event "Copenhagen op"]
[Site "Copenhagen"]
[Date "1986.??.??"]
[Round "7"]
[White "Horvath, Tamas"]
[Black "Kojder, Konrad"]
[Result "1/2-1/2"]
[WhiteElo "2395"]
[BlackElo "2340"]

1.e4 c5 2.Nf3 e6 3.d4 cxd4 4.Nxd4 Nc6 5.Nc3 a6 6.g3 d6 7.Bg2 Bd7 8.O-O Nf6
9.Nb3 Be7 10.g4 h6 11.a4 g5 12.h3 Nh7 13.a5 Nf8 14.Be3 Ng6 15.Na4 Nce5 16.Nb6 Rb8
17.Nd4 Nf4 18.Nxd7 Qxd7 19.Bxf4 gxf4 20.Nf3 Bf6 21.c3 Nxf3+ 22.Bxf3  1/2-1/2

[Event "DEN-ch"]
[Site "DEN"]
[Date "1986.??.??"]
[Round "9"]
[White "Mortensen, Erling"]
[Black "Fries Nielsen, Jens Ove"]
[Result "1-0"]
[WhiteElo "2420"]
[BlackElo "2385"]

1.e4 c5 2.Nf3 e6 3.Nc3 Nc6 4.d4 cxd4 5.Nxd4 Nf6 6.Ndb5 d6 7.Bf4 e5 8.Bg5 a6
9.Na3 b5 10.Bxf6 gxf6 11.Nd5 f5 12.exf5 Bxf5 13.c3 Bg7 14.Nc2 Bg6 15.h4 h6
16.Nce3 O-O 17.Bd3 f5 18.g4 e4 19.gxf5 exd3 20.fxg6 b4 21.Qxd3 bxc3 22.bxc3 Ne5
23.Qe4 Nf3+ 24.Kd1 Qa5 25.Nf5 Bxc3 26.Rc1 Qxa2 27.Nde7+ Kh8 28.g7+ Bxg7 29.Qxf3 Qa4+
30.Rc2 Rfb8 31.Qd5 Rb1+ 32.Kd2 Qb4+ 33.Ke2 Qg4+ 34.f3 Qg2+ 35.Ke3 Rb3+ 36.Qxb3 Qxh1
37.Qf7 Qg1+ 38.Rf2 Qe1+ 39.Re2 Qg1+ 40.Kd2  1-0

[Event "Dieren op"]
[Site "Dieren"]
[Date "1986.??.??"]
[Round "?"]
[White "Pliester, Leon"]
[Black "Ligterink, Gert"]
[Result "1-0"]
[WhiteElo "2365"]
[BlackElo "2470"]

1.e4 c5 2.Nf3 e6 3.d4 cxd4 4.Nxd4 Nc6 5.Nc3 d6 6.Be3 Nf6 7.Bc4 a6 8.Qe2 Qc7
9.O-O-O Na5 10.Bd3 b5 11.f4 b4 12.Na4 Bd7 13.b3 Be7 14.Nxe6 Bxe6 15.Bb6 Qc5
16.Bxa5 Bg4 17.Qe3 Bxd1 18.Rxd1 Rb8 19.e5 dxe5 20.Qxe5 Qd6 21.Bxa6 Qxe5 22.fxe5 Ng4
23.Bc7 O-O 24.Bxb8 Rxb8 25.e6 fxe6 26.Bc4 Kf7 27.Rf1+ Bf6 28.Rf4 Ne3 29.Kd2 Nxg2
30.Re4 Bg5+ 31.Ke2 Rd8 32.Kf3 Nh4+ 33.Kg4 Bf6 34.Rxe6 h5+ 35.Kxh5 Rh8+ 36.Kg4 Ng6
37.Nc5 Be7 38.Ra6+ Ke8 39.Bb5+ Kd8 40.Nb7+ Kc7 41.Rxg6 Bc5  1-0

[Event "Dieren op"]
[Site "Dieren"]
[Date "1986.??.??"]
[Round "8"]
[White "Westerinen, Heikki MJ"]
[Black "Kuijf, Marinus"]
[Result "0-1"]
[WhiteElo "2390"]
[BlackElo "2420"]

1.e4 c5 2.Nf3 e6 3.d4 cxd4 4.Nxd4 Nc6 5.Nc3 Qc7 6.g3 a6 7.Bg2 d6 8.O-O Bd7
9.Re1 Be7 10.Nxc6 Bxc6 11.Qg4 h5 12.Qe2 Nf6 13.Bf4 h4 14.a4 Kf8 15.Bf3 Rc8
16.Rad1 Nd7 17.Nd5 Bxd5 18.exd5 e5 19.c4 g6 20.b4 Bd8 21.Qb2 Bf6 22.Be3 hxg3
23.hxg3 Kg7 24.Be2 Nb6 25.Bxb6 Qxb6 26.Kg2 Rh2+  0-1

[Event "Dortmund"]
[Site "Dortmund"]
[Date "1986.??.??"]
[Round "?"]
[White "Short, Nigel D"]
[Black "Cramling, Pia"]
[Result "1-0"]
[WhiteElo "2585"]
[BlackElo "2400"]

1.e4 c5 2.Nf3 e6 3.d4 cxd4 4.Nxd4 Nc6 5.Nc3 d6 6.Be3 Nf6 7.Bc4 a6 8.Qe2 Qc7
9.O-O-O Na5 10.Bd3 b5 11.g4 b4 12.Nb1 d5 13.Nd2 dxe4 14.Nxe4 Bb7 15.Nxf6+ gxf6
16.Rhe1 Be7 17.Bh6 Qb6 18.Nf5 Bc5 19.Be4 Qb5 20.Qf3 Bxe4 21.Rxe4 Rd8 22.Bg7 Rxd1+
23.Qxd1 Rg8 24.Bxf6 Nc6 25.b3 Qb8 26.Qd5 Qb5 27.Rxe6+ fxe6 28.Qxe6+ Kf8 29.Nh6 Qf1+
30.Kb2  1-0

[Event "Dresden Post"]
[Site "Dresden"]
[Date "1986.??.??"]
[Round "?"]
[White "Goldberg, Alexander"]
[Black "Jasnikowski, Zbigniew"]
[Result "1/2-1/2"]
[WhiteElo "2330"]
[BlackElo "2410"]

1.e4 c5 2.Nf3 e6 3.d4 cxd4 4.Nxd4 Nc6 5.Nc3 d6 6.Be2 Nf6 7.O-O Be7 8.Be3 O-O
9.f4 Bd7 10.Qe1 Nxd4 11.Bxd4 Bc6 12.Bf3 b5 13.Rd1 Qc7 14.e5 Nd7 15.exd6 Bxd6
16.Bxc6 Qxc6 17.Qe2 b4 18.Ne4 Be7 19.Rf3 f6 20.Ng3 Rfe8 21.Kh1 Bf8 22.Rfd3 e5
23.fxe5 fxe5 24.Bg1 Nf6 25.Nf5 Rac8 26.c3 e4 27.Rg3 Qe6 28.Rf1 e3 29.Rxe3 Qxa2
30.cxb4 Bxb4 31.Rxe8+ Rxe8 32.Qb5 Qa5 33.Qxa5 Bxa5 34.Bxa7 Re2 35.Bd4 Ne4
36.Nxg7 Nd2 37.Rd1 Re4 38.Bf6 Kf7 39.Nh5 Kg6 40.Ng3 Kxf6 41.Nxe4+ Nxe4 42.Rd5 Bb6
43.g3 Ke6 44.Rh5 Nf6 45.Rh4 Bc7 46.Kg2 Be5 47.b4 Kd5 48.Kf3 h5 49.h3 Bd6
50.Rf4 Bxf4 51.Kxf4 Ne4 52.b5 Nd6 53.b6 Kc6 54.Ke5 Nc4+ 55.Kf6 Nd6  1/2-1/2

[Event "Dresden Post"]
[Site "Dresden"]
[Date "1986.??.??"]
[Round "?"]
[White "Dobos, Jozsef"]
[Black "Jasnikowski, Zbigniew"]
[Result "1/2-1/2"]
[WhiteElo "2320"]
[BlackElo "2410"]

1.e4 c5 2.Nf3 e6 3.d4 cxd4 4.Nxd4 Nc6 5.Nc3 d6 6.Be3 Nf6 7.Be2 Be7 8.f4 O-O
9.Qd2 e5 10.Nf3 Ng4 11.f5 Nb4  1/2-1/2

[Event "Dubai ol (Men)"]
[Site "Dubai"]
[Date "1986.??.??"]
[Round "1"]
[White "Rush, J."]
[Black "Illescas Cordoba, Miguel"]
[Result "0-1"]
[WhiteElo "2205"]
[BlackElo "2475"]

1.e4 c5 2.Nf3 e6 3.d4 cxd4 4.Nxd4 Nc6 5.Nc3 Qc7 6.Be2 a6 7.O-O Nf6 8.a3 d6
9.Be3 Be7 10.f4 O-O 11.Qd3 Bd7 12.Rad1 Rac8 13.Nb3 b5 14.Bf3 Rfd8 15.Rf2 Be8
16.Rfd2 Nd7 17.Qf1 Nb6 18.Be2 Rb8 19.Bxb5 axb5 20.Nxb5 Qb7 21.Nxd6 Bxd6 22.Rxd6 Rxd6
23.Rxd6 Na4 24.Bc1 Ne7 25.Qd3 Qc7 26.h3 Rxb3 27.cxb3 Qxc1+ 28.Qd1 Qe3+ 29.Kh1 Nc5
30.Rd8 Kf8 31.Qh5 Nxe4 32.Qxh7 Qc1+ 33.Kh2 Qxf4+ 34.Kg1 Ng6 35.Rc8 Nf6  0-1

[Event "FRA-ch"]
[Site "Epinal"]
[Date "1986.??.??"]
[Round "3"]
[White "Birmingham, Eric"]
[Black "Belkhodja, Slim"]
[Result "1-0"]
[WhiteElo "2260"]
[BlackElo "2330"]

1.e4 c5 2.Nf3 e6 3.d4 cxd4 4.Nxd4 Nc6 5.Nc3 d6 6.f4 Nf6 7.Be3 Be7 8.Qf3 e5
9.Nxc6 bxc6 10.f5 Qa5 11.O-O-O Rb8 12.Bc4 O-O 13.Bb3 d5 14.exd5 Bb4 15.Bg5 Bxc3
16.Bxf6 gxf6 17.bxc3 Qa3+ 18.Kb1 a5 19.Qg4+ Kh8 20.Qh4 Kg7 21.Qg4+ Kh8 22.Rd3 Rg8
23.Qh4 Rg5 24.Qh6 Qd6 25.dxc6 Qxc6 26.Rd8+ Rg8 27.Rhd1 Bxf5 28.R1d6 Qxg2
29.Qxf6+ Qg7 30.Rxb8 Rxb8 31.Rd8+ Rxd8 32.Qxd8+  1-0

[Event "Espoo"]
[Site "Espoo"]
[Date "1986.??.??"]
[Round "?"]
[White "Ebeling, Mika"]
[Black "Pyhala, Antti"]
[Result "1-0"]
[WhiteElo "2275"]
[BlackElo "2340"]

1.e4 c5 2.Nf3 Nc6 3.d4 cxd4 4.Nxd4 e6 5.Nc3 Qc7 6.f4 a6 7.Be2 b5 8.Nxc6 Qxc6
9.Bf3 Bb7 10.e5 Qc7 11.Ne4 Rc8 12.c3 f5 13.exf6 Nxf6 14.Nxf6+ gxf6 15.Be3 Bxf3
16.Qxf3 Bc5 17.O-O Bxe3+ 18.Qxe3 Qc5 19.Rfe1 Qxe3+ 20.Rxe3 Rc4 21.f5 e5 22.Rd1 Ke7
23.Rg3 Kd8 24.Rg7 Rc7 25.Rd6 a5 26.Rxf6 b4 27.Ra6 bxc3 28.bxc3 Rxc3 29.Ra8+ Rc8
30.Rxa5 h5 31.Rxe5 Rc1+ 32.Kf2 Rc2+ 33.Re2 Rc5 34.Rf7 Re8 35.f6 Rf5+ 36.Ke1 Rxe2+
37.Kxe2 d6 38.Rh7 Ke8 39.g3 Kf8 40.Kd3 Kg8 41.Rg7+ Kf8 42.Re7 Rxf6 43.Re4 Kg7
44.a4 Rf3+ 45.Kc4 Rf2 46.Kb5 Rxh2 47.a5 d5 48.Ra4 Rb2+ 49.Kc5 d4 50.Ra3 Rd2
51.a6 d3 52.Kc4 Rf2 53.Rxd3 Ra2 54.Kb5 Kf6 55.Rb3 Kg5 56.Kb6 Rf2 57.a7 Rf6+
58.Kb7 Rf7+ 59.Ka6  1-0

[Event "Wch U20"]
[Site "Gausdal"]
[Date "1986.??.??"]
[Round "5"]
[White "Dimitrov, Vladimir"]
[Black "Rojas Sepulveda, Eduardo"]
[Result "1-0"]
[WhiteElo "2400"]
[BlackElo "2350"]

1.e4 c5 2.Nf3 e6 3.d4 cxd4 4.Nxd4 Nc6 5.Nc3 Qc7 6.Be2 a6 7.f4 Bc5 8.Be3 Nxd4
9.Bxd4 Ne7 10.Bxc5 Qxc5 11.Qd3 b5 12.Bf3 Bb7 13.O-O-O O-O 14.Qxd7 Rfc8 15.Qd4 Qc7
16.Qd6 Ng6 17.Qxc7 Rxc7 18.g3 b4 19.Na4 Bc6 20.Nc5 a5 21.Rd2 Rac8 22.Rhd1 Be8
23.Nb3 a4 24.Na1 f6 25.Rd8 Kf7 26.Rxc8 Rxc8 27.Rd6 Rb8 28.Be2 Ke7 29.Ra6 Rb7
30.b3 axb3 31.cxb3 Nf8 32.Nc2 Bg6 33.Ra4 Nd7 34.Rxb4 Rxb4 35.Nxb4 Bxe4 36.Kd2 Kd6
37.Kc3 e5 38.Kc4 exf4 39.gxf4 Nf8 40.Bd3 Bg2 41.Kd4 g6 42.f5 g5 43.Nc2 h5
44.Ne3 Bb7 45.b4 Nd7 46.Nc4+ Kc7 47.a4 Bf3 48.a5 Bc6 49.Be4 Bxe4 50.Kxe4 Kc6
51.a6 Nb6 52.a7 Na8 53.Ne3 Kb7 54.Nd5 Kxa7 55.Nxf6 h4 56.Ng4  1-0

[Event "Wch U20"]
[Site "Gausdal"]
[Date "1986.??.??"]
[Round "6"]
[White "Howell, James C"]
[Black "Wahls, Matthias"]
[Result "1-0"]
[WhiteElo "2400"]
[BlackElo "2460"]

1.e4 c5 2.Nf3 Nc6 3.d4 cxd4 4.Nxd4 e6 5.Nc3 d6 6.Be3 Nf6 7.Bc4 Be7 8.Qe2 a6
9.O-O-O O-O 10.Bb3 Qe8 11.Rhg1 Nd7 12.g4 Nc5 13.g5 b5 14.Nxc6 Nxb3+ 15.axb3 Qxc6
16.Bd4 b4 17.Qh5 Bb7 18.Nd5 exd5 19.Rd3 Rfc8 20.c3 dxe4 21.Rh3 Kf8 22.g6 fxg6
23.Qxh7 Ke8 24.Rxg6 bxc3 25.Qg8+ Kd7 26.Qe6+ Kd8 27.bxc3 Bf8 28.Qf7 Be7 29.Qxe7+ Kxe7
30.Rxg7+  1-0

[Event "Bundesliga 8586"]
[Site "Germany"]
[Date "1986.??.??"]
[Round "?"]
[White "Wahls, Matthias"]
[Black "Bischoff, Klaus"]
[Result "1/2-1/2"]
[WhiteElo "2285"]
[BlackElo "2415"]

1.e4 c5 2.Nf3 e6 3.d4 cxd4 4.Nxd4 Nc6 5.Nc3 a6 6.Be2 Qc7 7.O-O Nf6 8.Be3 Bb4
9.Na4 O-O 10.Nxc6 bxc6 11.Nb6 Rb8 12.Nxc8 Rfxc8 13.Bxa6 Rf8 14.Bd3 Bd6 15.f4 e5
16.b3 exf4 17.Bd4 f3 18.e5 Bxe5 19.Bxe5 f2+ 20.Rxf2 Qxe5 21.Re2 Qc5+ 22.Kh1 Rfe8
23.a4 Rxe2 24.Qxe2 Re8 25.Qf3 h5  1/2-1/2

[Event "Bundesliga 8586"]
[Site "Germany"]
[Date "1986.??.??"]
[Round "?"]
[White "Nunn, John DM"]
[Black "Pritchett, Craig William"]
[Result "1-0"]
[WhiteElo "2600"]
[BlackElo "2395"]

1.e4 c5 2.Nf3 e6 3.d4 cxd4 4.Nxd4 Nc6 5.Nc3 d6 6.Be3 Nf6 7.Bc4 a6 8.Qe2 Qc7
9.O-O-O Na5 10.Bd3 b5 11.a3 Be7 12.g4 Rb8 13.Rhe1 Nc4 14.g5 Nd7 15.Nf5 exf5
16.Nd5 Qd8 17.exf5 O-O 18.Qh5 Nf6 19.gxf6 Bxf6 20.Bxc4 bxc4 21.Bd4 Bxd4 22.Rxd4 Re8
23.Nf6+ gxf6 24.Rg4+ Kh8 25.Reg1 Bxf5 26.Qxf5 Rb5 27.Qxh7+  1-0

[Event "Bundesliga 8586"]
[Site "Germany"]
[Date "1986.??.??"]
[Round "?"]
[White "Lau, Ralf"]
[Black "Wahls, Matthias"]
[Result "1-0"]
[WhiteElo "2465"]
[BlackElo "2330"]

1.e4 c5 2.Nf3 Nc6 3.d4 cxd4 4.Nxd4 e6 5.Nc3 d6 6.g3 Nf6 7.Bg2 Bd7 8.O-O Be7
9.Nb3 O-O 10.g4 d5 11.exd5 Nxd5 12.Nxd5 exd5 13.h3 Be6 14.c3 Qd6 15.f4 Rad8
16.Be3 b6 17.Qf3 f6 18.Rad1 Qc7 19.a3 Bf7 20.Rd2 Rd6 21.Rfd1 Rfd8 22.Qf2 Qc8
23.Bf3 Qa6 24.Qg2 Qb5 25.Nd4 Nxd4 26.Bxd4 R6d7 27.h4 Kh8 28.g5 Bg6 29.h5 Bf5
30.h6 Bc5 31.Kh1 Bxd4 32.Rxd4 gxh6 33.gxf6 Rg8 34.Qf2 Qc6 35.f7 Rxf7 36.Bxd5 Qg6
37.Bxf7 Qxf7 38.Qe2 Qe8  1-0

[Event "Bundesliga 8586"]
[Site "Germany"]
[Date "1986.??.??"]
[Round "?"]
[White "Lau, Ralf"]
[Black "Konieczka, Frank"]
[Result "1-0"]
[WhiteElo "2460"]
[BlackElo "2240"]

1.e4 c5 2.Nf3 e6 3.d4 cxd4 4.Nxd4 Nc6 5.Nc3 a6 6.f4 d6 7.Be3 Nf6 8.Qf3 e5
9.Nxc6 bxc6 10.f5 Qa5 11.O-O-O Rb8 12.Bc4 d5 13.exd5 Ba3 14.bxa3 Qxc3 15.Ba7 Qxf3
16.gxf3 Ra8 17.Bc5 cxd5 18.Rhe1 Bxf5 19.Rxe5+ Be6 20.Bb3 Nd7 21.Ba4 Rc8 22.Rdxd5 Rc7
23.Rd2 h5 24.f4 g6 25.h4 Rg8 26.Rd6 Rxc5 27.Rxc5 Ke7 28.Rxd7+ Bxd7 29.Rc7 Rd8
30.Kd2 Kd6 31.Rxd7+ Rxd7 32.Bxd7 Kxd7 33.Kd3 Kd6 34.Kd4 f6 35.c4 Kc6 36.c5 Kc7
37.Kd5 Kd7 38.c6+ Kc7 39.a4  1-0

[Event "FRG op-ch"]
[Site "Germany"]
[Date "1986.??.??"]
[Round "?"]
[White "Short, Nigel D"]
[Black "Simon, Ralf Axel"]
[Result "1-0"]
[WhiteElo "2615"]
[BlackElo "2295"]

1.e4 c5 2.Nf3 e6 3.d4 cxd4 4.Nxd4 Nc6 5.Nc3 a6 6.Be2 Qb6 7.Nxc6 Qxc6 8.O-O Bc5
9.Kh1 d6 10.f4 Ne7 11.Bd3 b5 12.Qh5 Bb7 13.Rf3 g6 14.Qh3 b4 15.Ne2 f5 16.Ng3 h5
17.Be3 h4 18.Bxc5 dxc5 19.exf5 gxf5 20.Nf1 Rg8 21.Ne3 Ng6 22.Nxf5 exf5 23.Re1+ Kd8
24.Qxf5 Qxf3 25.Qf6+ Kc7 26.gxf3 Bxf3+ 27.Kg1 Raf8 28.Qxg6 Rxg6+ 29.Bxg6 Rxf4
30.Bd3 Bb7 31.Re7+ Kb6 32.Re6+ Ka7 33.b3 Rg4+ 34.Kf1 a5 35.Rh6 a4 36.bxa4 Bd5
37.Rh5 Rd4 38.Kf2 c4 39.Ke3 cxd3 40.cxd3 Rg4 41.Rxd5 Rg2 42.Ra5+ Kb6 43.Rb5+ Kc6
44.Rxb4 Rxh2 45.a3 h3 46.Rh4 Kb6 47.Rh5 Rh1 48.Ke4 h2 49.Kd4 Ka6 50.a5  1-0

[Event "Bundesliga 8586"]
[Site "Germany"]
[Date "1986.??.??"]
[Round "?"]
[White "Bauer, Peter"]
[Black "Konieczka, Frank"]
[Result "1-0"]
[WhiteElo "2260"]
[BlackElo "2240"]

1.e4 c5 2.Nf3 e6 3.d4 cxd4 4.Nxd4 Nc6 5.Nc3 d6 6.Be3 Be7 7.Bc4 Nf6 8.Qe2 O-O
9.O-O-O a6 10.Rhg1 Qc7 11.g4 Na5 12.Bd3 b5 13.g5 Nd7 14.Nf5 Ne5 15.Rg3 Nac4
16.Bxc4 Nxc4 17.Bd4 Ne5 18.Nxg7 Kxg7 19.Qh5 Rg8 20.f4 Kf8 21.fxe5 dxe5 22.Be3 b4
23.Rf1 Bd6 24.g6 hxg6 25.Qh7 g5 26.Bxg5 Rxg5 27.Rxg5 Ke8 28.Rg8+ Bf8 29.Rxf8+ Kxf8
30.Qh8+  1-0

[Event "EU-ch U20"]
[Site "Groningen"]
[Date "1986.??.??"]
[Round "?"]
[White "Sokolov, Ivan"]
[Black "Ninov, Kiril"]
[Result "1-0"]
[WhiteElo "2425"]
[BlackElo "2315"]

1.e4 c5 2.Nf3 e6 3.d4 cxd4 4.Nxd4 Nc6 5.Nc3 Qc7 6.g3 d6 7.Bg2 Bd7 8.Ndb5 Qb8
9.Bf4 Ne5 10.Qd4 a6 11.Nxd6+ Bxd6 12.O-O-O Nd3+ 13.Rxd3 Bxf4+ 14.gxf4 Qxf4+
15.Kb1 O-O-O 16.Rhd1 Ne7 17.Qc5+ Nc6 18.Na4 Kb8 19.Rxd7 Qg4 20.Rxd8+ Rxd8
21.Rxd8+ Nxd8 22.Qd6+  1-0

[Event "EU-ch U20"]
[Site "Groningen"]
[Date "1986.??.??"]
[Round "?"]
[White "Ivanchuk, Vassily"]
[Black "Gdanski, Jacek"]
[Result "1-0"]
[WhiteElo "2475"]
[BlackElo "2290"]

1.e4 c5 2.Nf3 e6 3.Nc3 Nc6 4.d4 cxd4 5.Nxd4 a6 6.f4 Qc7 7.Be3 b5 8.Bd3 Bb7
9.Qf3 Nf6 10.Nb3 Nb4 11.a3 Nxd3+ 12.cxd3 d6 13.Rc1 Qd8 14.f5 Be7 15.fxe6 fxe6
16.Nd4 Qd7 17.Qh3 Bc8 18.O-O O-O 19.Rf3 Bd8 20.Rcf1 Bb6 21.Qg3 Qe7 22.Kh1 Bb7
23.Nce2 Bxd4 24.Nxd4 Rf7 25.Qh3 Re8 26.Bg5 Bc8 27.Bxf6 Rxf6 28.Rxf6 gxf6
29.Qg3+ Kh8 30.Nc6 Qc7 31.Qh4 Qxc6 32.Qxf6+ Kg8 33.Qg5+ Kh8 34.Rf7  1-0

[Event "ISL-ch"]
[Site "Grundarfjordur"]
[Date "1986.??.??"]
[Round "1"]
[White "Sigurjonsson, Gudmundur"]
[Black "Thorsteins, Karl"]
[Result "1/2-1/2"]
[WhiteElo "2495"]
[BlackElo "2445"]

1.e4 c5 2.Nf3 e6 3.d4 cxd4 4.Nxd4 Nc6 5.Nc3 a6 6.Be2 Qc7 7.O-O Nf6 8.Kh1 Be7
9.f4 d6 10.Be3 O-O 11.a4 Re8 12.Bd3 Nb4 13.a5 e5 14.fxe5 dxe5 15.Nf5 Bxf5
16.Rxf5 Nxd3 17.cxd3 Bb4 18.Rxf6 Bxc3 19.Rb6 Bd4 20.Bxd4 exd4 21.Rc1 Qe5
22.Qb3 Rac8 23.Rf1 Qf4 24.Qd1 Qc7 25.Qb3 Qf4 26.Qd1 Qc7 27.Qg4 Re5 28.b4 Rce8
29.Qg3 R8e7 30.Qf2 Qd8 31.h3 h6 32.Qf4 Qd7 33.Rc1 f5 34.exf5 Rxf5 35.Qd6 Rfe5
36.Qxd7  1/2-1/2

[Event "ISL-ch"]
[Site "Grundarfjordur"]
[Date "1986.??.??"]
[Round "9"]
[White "Hansson, Dan"]
[Black "Arnason, Jon L"]
[Result "0-1"]
[WhiteElo "2280"]
[BlackElo "2500"]

1.e4 c5 2.Nf3 e6 3.d4 cxd4 4.Nxd4 Nc6 5.Nc3 a6 6.Be3 Qc7 7.f4 d6 8.Be2 Nf6
9.O-O Be7 10.a4 O-O 11.Nb3 b6 12.g4 Re8 13.g5 Nd7 14.Bf3 Rb8 15.Qe2 Bf8 16.Rad1 g6
17.Bg2 Bg7 18.Qd2 Na5 19.Bd4 Nc4 20.Qc1 b5 21.axb5 axb5 22.Bxg7 Kxg7 23.Rd3 b4
24.Ne2 Ba6 25.Rh3 Nf8 26.Kh1 Rbc8 27.Qa1 Qb6 28.Nbd4 e5 29.fxe5 dxe5 30.Rf6 Nd6
31.Nf5+ gxf5 32.Ng3 Re6 33.exf5 Rxf6 34.gxf6+ Kh8 35.Qc1 Bb7 36.Bxb7 Qxb7+
37.Kg1 Qb6+ 38.Kf1 Rc4 39.Ne2 Ne4  0-1

[Event "Hamburg HSV"]
[Site "Hamburg"]
[Date "1986.??.??"]
[Round "?"]
[White "Scholz, Guillermo"]
[Black "Wegner, Hannu"]
[Result "1/2-1/2"]
[WhiteElo "2355"]
[BlackElo "2300"]

1.e4 c5 2.Nf3 e6 3.d4 cxd4 4.Nxd4 Nc6 5.Nc3 d6 6.Be2 Nf6 7.O-O Be7 8.Be3 O-O
9.Qd2 a6 10.f4 Bd7 11.Nb3 Qc7 12.Kh1 b5 13.a3 Rfd8 14.Bf3 Rab8 15.Qf2 Be8
16.Rad1 Nd7 17.g4 Nb6 18.g5 Nc4 19.Bc1 b4 20.axb4 Rxb4 21.Bg2 a5 22.f5 N4e5
23.Ne2 a4 24.Nbd4 Nxd4 25.Nxd4 Bd7 26.c3 Rb7 27.Bh3 Qc4 28.Qg3 Rdb8 29.Bg2 Rc7
30.fxe6 fxe6 31.Bh3 Ng6 32.Rde1 Rcc8 33.Qg4 Ne5 34.Qg3 Rf8 35.Rxf8+ Rxf8
36.Rd1 Ng6 37.Bg2 Qc8 38.Re1 e5 39.Nc2 Nf4 40.Nb4 Be6 41.Bf1 Qd8 42.Nc6 Qc7  1/2-1/2

[Event "Hamburg HSV"]
[Site "Hamburg"]
[Date "1986.??.??"]
[Round "?"]
[White "Chevaldonnet, Francois"]
[Black "Wahls, Matthias"]
[Result "0-1"]
[WhiteElo "2290"]
[BlackElo "2460"]

1.e4 c5 2.Nf3 Nc6 3.d4 cxd4 4.Nxd4 e6 5.Nc3 d6 6.g3 Nf6 7.Bg2 Bd7 8.O-O Be7
9.Re1 O-O 10.Ndb5 Qb8 11.a4 a6 12.Na3 Qc7 13.Be3 Rab8 14.Qe2 Rfc8 15.h3 Be8
16.f4 Nb4 17.Ba7 Ra8 18.Bd4 Nd7 19.Bf1 Nb6 20.Qf2 Nxa4 21.Nxa4 Bxa4 22.b3 Be8
23.Nc4 Rab8 24.Bb6 Qc6 25.Rad1 Nxc2 26.Re2 Nb4 27.Kh2 d5 28.exd5 Nxd5 29.Bg2 Bf8
30.Ba7 Bc5 31.Bxc5 Qxc5 32.Bxd5 Qxf2+ 33.Rxf2 exd5 34.Rxd5 Bc6 35.Rd6 Re8
36.Ne5 Bb5 37.Rc2 f6 38.Nd7 Rbc8 39.Rcd2 Rc3 40.b4 Ree3 41.Nc5 Rxg3  0-1

[Event "Hamburg HSV"]
[Site "Hamburg"]
[Date "1986.??.??"]
[Round "?"]
[White "Chevaldonnet, Francois"]
[Black "Wegner, Hannu"]
[Result "1/2-1/2"]
[WhiteElo "2290"]
[BlackElo "2300"]

1.e4 c5 2.Nf3 e6 3.d4 cxd4 4.Nxd4 Nc6 5.Nc3 d6 6.g3 Nf6 7.Bg2 Bd7 8.O-O Be7
9.Re1 O-O 10.Ndb5 Ne8 11.a4 a6 12.Nd4 Nf6 13.Nxc6 Bxc6 14.a5 Qc7 15.Be3 Nd7
16.Na4 Rae8  1/2-1/2

[Event "Hastings8687"]
[Site "Hastings"]
[Date "1986.??.??"]
[Round "?"]
[White "Gufeld, Eduard"]
[Black "Conquest, Stuart"]
[Result "1-0"]
[WhiteElo "2480"]
[BlackElo "2430"]

1.e4 c5 2.Nf3 e6 3.d4 cxd4 4.Nxd4 Nc6 5.Nc3 a6 6.Be2 Qc7 7.O-O Nf6 8.Be3 Bb4
9.Na4 O-O 10.c4 Bd6 11.g3 Nxe4 12.Bf3 f5 13.c5 Be5 14.Nb6 Rb8 15.Bxe4 fxe4
16.Nc4 Bf6 17.Qd2 Nxd4 18.Bxd4 d5 19.cxd6 Qxc4 20.Bxf6 gxf6 21.d7 Qd5 22.dxc8=Q Rbxc8
23.Qh6 Rc2 24.Rac1 Qd2 25.Qxd2 Rxd2 26.Rfd1 Rxb2 27.Rd6 e5 28.Rc4 e3 29.fxe3 Rxa2
30.Rd7 Rf7 31.Rd8+ Kg7 32.Rg4+ Kh6 33.Rdg8  1-0

[Event "NLD-ch"]
[Site "Hilversum"]
[Date "1986.??.??"]
[Round "7"]
[White "Peelen, Piet"]
[Black "Boersma, Paulus A"]
[Result "0-1"]
[WhiteElo "2400"]
[BlackElo "2405"]

1.e4 c5 2.Nf3 e6 3.Nc3 Nc6 4.d4 cxd4 5.Nxd4 a6 6.Be2 Qc7 7.O-O Nf6 8.Be3 Bb4
9.Na4 O-O 10.c4 Bd6 11.f4 Nxe4 12.Bf3 Bxf4 13.Bxf4 Qxf4 14.Nxc6 Qe3+ 15.Kh1 dxc6
16.Qc2 Ng5 17.Rae1 Qd4 18.Rd1 Qe5 19.c5 Nxf3 20.Rxf3 Rb8 21.Qf2 Qc7 22.Nb6 e5
23.Rd6 Qe7 24.Qg3 f5 25.Rf1 f4 26.Qc3 Bg4 27.h3 Bf5 28.b4 Rbe8 29.Nc4 Be6
30.Nxe5 Bd5 31.Re1 Qh4 32.Rd7 Rf7 33.Rxf7 Bxf7 34.Rf1 Bxa2 35.Kh2 Qg3+  0-1

[Event "URS-FL"]
[Site "Irkutsk"]
[Date "1986.??.??"]
[Round "?"]
[White "Aseev, Konstantin N"]
[Black "Dokhoian, Yury"]
[Result "1-0"]
[WhiteElo "2440"]
[BlackElo "2450"]

1.e4 c5 2.Nf3 e6 3.d4 cxd4 4.Nxd4 Nc6 5.Nc3 d6 6.Be2 Nf6 7.O-O Be7 8.Be3 O-O
9.f4 a6 10.a4 Qc7 11.Kh1 Re8 12.Bf3 Rb8 13.Qd2 Nd7 14.Qf2 Nxd4 15.Bxd4 b6
16.Rad1 Bf8 17.e5 Bb7 18.exd6 Bxd6 19.Bxb7 Rxb7 20.Bxg7 Kxg7 21.Qd4+ Nf6
22.Qxd6 Qxd6 23.Rxd6 Rc8 24.f5 e5 25.Rf3 Rd7 26.Rg3+ Kf8 27.Rgd3 Rxd6 28.Rxd6 Kg7
29.Rxb6 e4 30.Kg1 e3 31.Kf1 Ng4 32.Ke2 Rd8 33.Ne4 Rd4 34.h3 Rxe4 35.hxg4 Rxg4
36.Rxa6 Rxg2+ 37.Kxe3 h5 38.Rc6 h4 39.Kf3 h3 40.Rc4 Kf6 41.a5 Kg5 42.Rc8 Rd2
43.Kg3 h2 44.Rg8+ Kxf5 45.Rh8 Rxc2 46.Rxh2 Rc8 47.Rf2+ Ke4 48.Rf6 Kd5 49.Rb6 Ke4
50.Rb4+ Kd5 51.Rb7 Ke4 52.b4 f5 53.Re7+ Kd5 54.a6 Rc3+ 55.Kf2 Ra3 56.b5 f4
57.a7  1-0

[Event "ISR-ch"]
[Site "?"]
[Date "1986.??.??"]
[Round "?"]
[White "Kagan, Shimon"]
[Black "Birnboim, Nathan"]
[Result "0-1"]
[WhiteElo "2415"]
[BlackElo "2430"]

1.e4 c5 2.Nc3 Nc6 3.Nge2 e6 4.d4 cxd4 5.Nxd4 Nf6 6.g3 d5 7.exd5 Nxd5 8.Bg2 Qb6
9.Nxd5 exd5 10.Nb3 Be6 11.O-O Rd8 12.c3 Be7 13.Be3 Qc7 14.Nd4 O-O 15.Re1 Bf6
16.Qa4 a6 17.Nxc6 Qxc6 18.Qa5 Rd7 19.Rad1 Qc4 20.Bd4 Bd8 21.Qa3 Be7 22.Qb3 Rc8
23.Rd2 b5 24.Bf1 Qc6 25.a3 Bf8 26.Ra1 Rb7 27.Bg2 Qc4 28.Qd1 Qc7 29.Qh5 a5
30.Bf1 Qc6 31.Bd3 h6 32.f4 g6 33.Qe5 f5 34.Re1 Re7 35.Qh8+ Kf7 36.Qf6+ Ke8
37.Rde2 Kd7 38.Bxb5 Qxb5 39.Rxe6  0-1

[Event "Jerusalem"]
[Site "Jerusalem"]
[Date "1986.??.??"]
[Round "?"]
[White "Gruenfeld, Yehuda"]
[Black "Benjamin, Joel"]
[Result "1/2-1/2"]
[WhiteElo "2550"]
[BlackElo "2540"]

1.e4 c5 2.Nf3 e6 3.d4 cxd4 4.Nxd4 Nc6 5.Nc3 a6 6.g3 Nxd4 7.Qxd4 Ne7 8.Bg2 Nc6
9.Qe3 Be7 10.O-O O-O 11.b3 d6 12.Bb2 Rb8 13.Rad1 Qc7 14.Rd2 b5 15.Nd1 Re8
16.Qe2 Bf8 17.Ne3 Ne5 18.Rc1 Bb7 19.f4 Nd7 20.c4 b4 21.Rcd1 Rbd8 22.Qh5 e5
23.fxe5 Nxe5 24.Rf2 g6 25.Qe2 Bg7 26.Qd2 a5 27.Kh1 Bc6 28.Rdf1 Rd7 29.Qd4 Qa7
30.Rd1 Qxd4 31.Bxd4 h5 32.h3 Rb7 33.Nc2 Bf8 34.Re2 Nd7 35.Bg1 Nf6 36.e5 Bxg2+
37.Kxg2 Rxe5 38.Rxe5 dxe5 39.c5 Rc7 40.Rc1 Ne4 41.Ne1 Bxc5 42.Rc4 f5 43.Nd3 Bd6
44.Bb6 Rb7 45.Rc6 Kf7 46.Nb2 Bb8 47.Bxa5 Nc3 48.Nd3 Nxa2 49.Nc5 Re7 50.Na6 Ba7
51.Rc2 Nc3 52.Nxb4 Nd1 53.Kf3 Ne3 54.Rc3 e4+ 55.Ke2 f4 56.gxf4 Nf5 57.Nc6 Nd4+
58.Nxd4 Bxd4 59.Rc4 Rd7 60.Rc6 Rd5 61.Bd2 Bg1 62.b4 Rd3 63.Rc3 Rxc3 64.Bxc3 Ke6
65.Bd2 Ba7 66.Be3 Bb8 67.Kd2 Kd5 68.Kc3 Bd6 69.b5 Bc5 70.Bxc5 Kxc5 71.h4 Kxb5
72.Kd4 Kc6 73.Kxe4 Kd6  1/2-1/2